| 000 | 00827 a2200229 4500 | ||
|---|---|---|---|
| 008 | 100602t xxu||||| |||| 00| 0 eng d | ||
| 010 | _aENG-103403 | ||
| 020 |
_c140.00 _a9788175415218 |
||
| 035 | _aEN-86936 | ||
| 037 | _bDBAD / PUB | ||
| 040 |
_aDPL _bEng |
||
| 082 | _a230.31 | ||
| 100 |
_932320 _aMeera Prakash |
||
| 245 |
_aOm : _cby Meera Prakash _bour cosmic connection / |
||
| 260 |
_aDelhi _bShipra Publication _c2011 |
||
| 270 |
_aLG 18-19, Pankaj Central Market, I.P.Ext. Patpar Ganj, _bDelhi _e110092 _k91-11-22235152, 22236152 |
||
| 300 | v |
_a166p. _c22cm (pbk ) |
|
| 700 | _932354 | ||
| 710 | _932355 | ||
| 942 |
_adpl _cEN _2ddc _mMEE _h230.31 |
||
| 999 |
_c55373 _d55373 |
||